000 00361nam a22001217a 4500
999 _c2393
_d2393
005 20200914143818.0
008 200914b ||||| |||| 00| 0 eng d
020 _a0601089073
040 _cCML
245 _aThe Children Wonderful World Encyclopedia.
_cHamlyn
260 _aLondon
_bHamlyn Group
_c1970
942 _2ddc
_cBK
_e1st Edition
_h034
_kR034